|
|
|
|
| LEADER |
01951nam a2200397 a 4500 |
| 001 |
EBC243058 |
| 003 |
MiAaPQ |
| 005 |
20200520144314.0 |
| 006 |
m o d | |
| 007 |
cr cn||||||||| |
| 008 |
050608s2006 nyua sb 001 0 eng |
| 010 |
|
|
|z 2005016449
|
| 020 |
|
|
|z 081440880X
|
| 035 |
|
|
|a (MiAaPQ)EBC243058
|
| 035 |
|
|
|a (Au-PeEL)EBL243058
|
| 035 |
|
|
|a (CaPaEBR)ebr10120169
|
| 035 |
|
|
|a (CaONFJC)MIL112652
|
| 035 |
|
|
|a (OCoLC)780945916
|
| 040 |
|
|
|a MiAaPQ
|c MiAaPQ
|d MiAaPQ
|
| 050 |
|
4 |
|a HD58.8
|b .S484 2006
|
| 082 |
0 |
4 |
|a 658.1/62
|2 22
|
| 100 |
1 |
|
|a Sherman, Andrew J.
|
| 245 |
1 |
0 |
|a Mergers & acquisitions from A to Z
|h [electronic resource] /
|c Andrew J. Sherman and Milledge A. Hart.
|
| 246 |
3 |
|
|a Mergers and acquisitions from A to Z
|
| 250 |
|
|
|a 2nd ed.
|
| 260 |
|
|
|a New York :
|b AMACOM,
|c 2006.
|
| 300 |
|
|
|a xiii, 288 p. :
|b ill.
|
| 504 |
|
|
|a Includes bibliographical references and index.
|
| 505 |
0 |
|
|a The basics of mergers and acquisitions -- Preparing for the dance: the seller's perspective -- Initiating the deal: the buyer's perspective -- The letter of intent and other preliminary matters -- Due diligence -- An overview of regulatory considerations -- Structuring the deal -- Valuation and pricing of the seller's company -- Financing the acquisition -- The acquisition agreement and related legal documents -- Keeping M&A transactions deals on track: -- Managing the deal killers -- Post-closing challenges -- Alternatives to mergers and acquisitions.
|
| 533 |
|
|
|a Electronic reproduction. Ann Arbor, MI : ProQuest, 2015. Available via World Wide Web. Access may be limited to ProQuest affiliated libraries.
|
| 650 |
|
0 |
|a Consolidation and merger of corporations.
|
| 650 |
|
0 |
|a Small business
|x Mergers.
|
| 655 |
|
4 |
|a Electronic books.
|
| 700 |
1 |
|
|a Hart, Milledge A.
|
| 710 |
2 |
|
|a ProQuest (Firm)
|
| 856 |
4 |
0 |
|u https://ebookcentral.proquest.com/lib/matrademy/detail.action?docID=243058
|z Click to View
|